Pequeños ensayos / (Record no. 171075)

MARC details
000 -LEADER
campo de control de longitud fija 00620nam a22001815i 4500
001 - NÚMERO DE CONTROL
campo de control 171075
003 - IDENTIFICADOR DE NÚMERO DE CONTROL
campo de control ES-MaACL
005 - FECHA Y HORA DE LA ÚLTIMA TRANSACCIÓN
campo de control 20250820152143.0
008 - DATOS DE LONGITUD FIJA--INFORMACIÓN GENERAL
campo de control de longitud fija 090427s1963 sp |||| | spa d
080 ## - NÚMERO DE LA CLASIFICACIÓN DECIMAL UNIVERSAL
Número de la Clasificación Decimal Universal 821.134.2-4"19"
100 1# - ENTRADA PRINCIPAL--NOMBRE DE PERSONA
Nombre de persona Pérez de Ayala, Ramón,
Fechas asociadas al nombre 1880-1962
9 (RLIN) 90763
245 10 - MENCIÓN DEL TÍTULO
Título Pequeños ensayos /
Mención de responsabilidad, etc. Ramón Pérez de Ayala ; [edición recogida y ordenada por J. García Mercadal].
260 ## - PUBLICACIÓN, DISTRIBUCIÓN, ETC.
Lugar de publicación, distribución, etc. Madrid :
Nombre del editor, distribuidor, etc. Biblioteca Nueva,
Fecha de publicación, distribución, etc. 1963.
300 ## - DESCRIPCIÓN FÍSICA
Extensión 311 p. ;
Dimensiones 22 cm.
700 1# - ENTRADA AGREGADA--NOMBRE PERSONAL
Nombre de persona García Mercadal, J.,
Fechas asociadas al nombre 1883-1975
9 (RLIN) 164264
852 ## - LOCALIZACIÓN
Ubicación ES-MaACL
Número de control de estantería G-10680
itemnumber R.144701
Holdings
Estatus retirado Estado de pérdida Estado de daño No para préstamo Biblioteca de origen Biblioteca actual Ubicación en estantería Fecha de adquisición Fuente de adquisición Total de préstamos Signatura topográfica completa Código de barras Visto por última vez Precio de reemplazo Tipo de ítem Koha
        Biblioteca del Ateneo de Madrid Biblioteca del Ateneo de Madrid Sala Pecera Planta 3 27/04/2009     G-10680 1179539 23/02/2023 23/02/2023 Libro impreso